ბათუმის შოთა რუსთაველის სახელმწიფო უნივერსიტეტის ბიბლიოთეკა

უბატონო ქვეყანა (ბიბ.ჩანაწერი № 41850)

000 -LEADER
fixed length control field 00728nam a2200229Ia 4500
001 - CONTROL NUMBER
control field 8533
003 - CONTROL NUMBER IDENTIFIER
control field GE_BSU
008 - FIXED-LENGTH DATA ELEMENTS--GENERAL INFORMATION
fixed length control field 181216s||||||||xx |||||||||||||| ||und||
040 ## - CATALOGING SOURCE
Transcribing agency GE_BSU
080 ## - UNIVERSAL DECIMAL CLASSIFICATION NUMBER
Universal Decimal Classification number 821.353.1-31
100 ## - MAIN ENTRY--PERSONAL NAME
Personal name ზედგინიძე,ელიზბარ
245 ## - TITLE STATEMENT
Title უბატონო ქვეყანა
245 ## - TITLE STATEMENT
Remainder of title რომანი
245 ## - TITLE STATEMENT
Statement of responsibility, etc. რედ.მ.ჯაფარიძე, მხატვ. ლ.ღვინჯილია
260 ## - PUBLICATION, DISTRIBUTION, ETC.
Place of publication, distribution, etc. თბილისი
260 ## - PUBLICATION, DISTRIBUTION, ETC.
Name of publisher, distributor, etc. მერანი
260 ## - PUBLICATION, DISTRIBUTION, ETC.
Date of publication, distribution, etc. 1975
300 ## - PHYSICAL DESCRIPTION
Extent 262გვ.1ფ. პორტრ.20სმ.
653 ## - INDEX TERM--UNCONTROLLED
Uncontrolled term რომანი
653 ## - INDEX TERM--UNCONTROLLED
Uncontrolled term უბატონო ქვეყანა
942 ## - ADDED ENTRY ELEMENTS (KOHA)
Koha item type წიგნი
ეგზემპლარები
Withdrawn status Lost status Damaged status Not for loan Date acquired Barcode Date last seen Price effective from Koha item type
        2018-12-17 30901 2018-12-17 2018-12-17 წიგნი
        2018-12-17 30902 2018-12-17 2018-12-17 წიგნი